| 000 | 00666nam a2200217 4500 | ||
|---|---|---|---|
| 003 | OSt | ||
| 005 | 20240614020655.0 | ||
| 006 | a | ||
| 008 | 240614b |||||||| |||| 00| 0 eng d | ||
| 040 |
_aDWCL-Main lib. _cOC |
||
| 082 | _aFil. 327.4305 B116g 2003 | ||
| 100 | _aBacareza, Hermogenes E. | ||
| 245 | _aThe German connection : a modern history / | ||
| 260 |
_aManila : _bHermogenes E. Bacareza, _cc2003. |
||
| 300 |
_axi, _b274 p. : ill. ; _c23 cm. |
||
| 504 | _aIncludes index. | ||
| 650 | _a1. Philippines–Relations–Germany. | ||
| 650 | _a2. Germany–Relations–Philippines. | ||
| 700 | _aHermogenes E. Bacareza | ||
| 942 |
_2ddc _n0 _cBK - FIL _kFil. |
||
| 999 |
_c672 _d672 |
||